| 000 | 01152nam a22001577a 4500 | ||
|---|---|---|---|
| 041 | _aukr | ||
| 080 | _a09 | ||
| 090 | _bЯНЧ | ||
| 100 | _aЯнчук С.П. | ||
| 245 | _aЛексико-семантичне поле поняття "сукупність" | ||
| 260 |
_aОстрог _bКАФ _c2012 |
||
| 300 | _a48 | ||
| 520 |
_aРозділ 1. Лексико-семантичне поле як складна мова система.
1.1 Дослідження лексико-семантичного поля.
1.2 Парадигматичні відношенні : антонімія,синонімія.
Розділ 2. Лексико-семантичне поле поняття "сукупність".
2.1 Лексико-семантичне поле понняттєвої категорії "скупість-бережливість".
2.2 Поняття "скупість" в мовній культурі світу та художній літературі.
2.3 Гендерні характеристики поняття "скупість". _0лексико-семантичне поле |
||
| 650 | _aResearch Papers | ||
| 999 |
_c284966 _d284966 |
||
| 942 | _cBK | ||